000 00617nam a2200205 i 4500
001 3224384
003 OSt
005 20260421121247.0
008 790326s1978 ii af 001 0 eng
010 _a 78906126
040 _c.
082 _a320.9546 BAZ
100 1 _aBazaz, Prem Nath.
245 1 0 _aDemocracy through intimidation and terror :
_bthe untold story of Kashmir politics /
_cPrem Nath Bazaz.
260 _aNew Delhi :
_bHeritage,
_cc1978.
300 _axi, 222 p., [3] leaves of plates :
_bill. ;
_c23 cm.
610 2 0 _aJanata Party.
651 0 _aKashmir
_xPolitics and government.
942 _2ddc
_cBK
999 _c7695
_d7695